000 00354nam a2200145Ia 4500
008 151213s9999 xx 000 0 und d
100 _aE.M.Forster
245 _aA Passage to India
_cE.M.Forster
260 _aLondon
_bPenguing
_c1960
300 _a8406 p.
650 _aEnglish
650 _aEnglish Literature
700 _aE.M.Forster
999 _c4244
_d4244